Derivative securities and difference methods (Record no. 147237)

MARC details
000 -LEADER
fixed length control field 00771nam a2200253Ia 4500
008 - FIXED-LENGTH DATA ELEMENTS--GENERAL INFORMATION
fixed length control field 191130s2004##################000#0#eng##
020 ## - INTERNATIONAL STANDARD BOOK NUMBER
ISBN 9780387208428
082 ## - DEWEY DECIMAL CLASSIFICATION NUMBER
Classification number 332.6457 ZHU
100 ## - MAIN ENTRY--AUTHOR NAME
Personal name Zhu, Youlan
245 ## - TITLE STATEMENT
Title Derivative securities and difference methods
Statement of responsibility, etc You-lan Zhu, Xiaonan Wu, and I-Liang Chern
260 ## - PUBLICATION, DISTRIBUTION, ETC. (IMPRINT)
Place of publication Berlin
Name of publisher Springer
Year of publication c2004
300 ## - PHYSICAL DESCRIPTION
Number of Pages xviii, 513 p. : ill. ; 25 cm
500 ## - GENERAL NOTE
General note Includes bibliographical references (p. [503]-507) and index
650 ## - SUBJECT ADDED ENTRY--TOPICAL TERM
Topical Term Derivative securities
Topical Term Difference equations
Topical Term Economics
700 ## - ADDED ENTRY--PERSONAL NAME
Personal name Chern, I-Liang
Personal name Wu, Xiaonan
991 ## -
-- 176582
Holdings
Withdrawn status Lost status Damaged status Not for loan Home library Current library Shelving location Date acquired Full call number Accession Number Price effective from Koha item type
        Anna Centenary Library Anna Centenary Library 4TH FLOOR, A WING 12.10.2020 332.6457 ZHU 209475 12.10.2020 English Books

Find us on the map